000 01117nam a2200265 i 4500
001 bg
245 0 0 _aFish passes - design, dimensions and monitoring /
_cDVWK.
246 _iTyt. oryg.:
_aFischaufstiegsanlagen - Bemessung, Gestaltung, Funktionskontrolle
260 _aRome :
_bFood and Agriculture Organization of the United Nations :
_bDeutscher Verband für Wasserwirtschaft und Kulturbau,
_c2002.
300 _aXVII, 118 s., [1] k. tabl. złoż. :
_bil. ;
_c30 cm.
500 _aTyt. oryg.: "Fischaufstiegsanlagen - Bemessung, Gestaltung, Funktionskontrolle", 1996.
504 _aBibliogr.
650 9 _aHydrotechnika
_xwpływ na środowisko
650 9 _aRzeki
_xregulacja
_xzagadnienia
650 9 _aRzeki
_aekologia
_xzagadnienia
650 9 _aHydrobiologia
_xzagadnienia
020 _a9251048940
040 _cBPK
041 1 _aeng
_hger
080 _a627.4/.5:556.5:574.5
920 _a92-5-104894-0
942 _cKS
008 s pl f |000 0 pol
999 _c45927
_d45927
856 _uhttp://koha.tu.koszalin.pl/cgi-bin/koha/opac-detail.pl?biblionumber=45927
_yKatalog online BPK